Представление документа в формате RUSMARC

ПолеНазваниеЗначение
  Тип записи l
  Библиографический уровень m
001 Контрольный номер RU/IS/BASE/542811000
005 Дата корректировки 20201206205041.1
010 Индекс ISBN __
d Цена 824-23
100 Данные общей обработки __
a Данные общей обработки 19170314d2009||||||| 0rusy0189 ca
101 Язык документа 0_
a Язык текста rus
102 Страна публикации __
a Страна публикации ru
105 Кодированные данные (монография) __
a Кодированные данные (монография) ||||||а||||zy
127 Кодированные данные (звукозаписи-физические характеристики) __
a Продолжительность проигрывания 81 ч
200 Заглавие и сведения об ответственности 1_
a Заглавие Чеховская энциклопедия
e Сведения, относящиеся к заглавию [полное собрание сочинений, материалы о жизни и творчестве, более 600 иллюстраций, 81 час аудиозаписей лучших произведений : 12+]
f Первые сведения об ответственности [исполняют: П. Коршунков [и др.]
b Общее обозначение материала Электронный ресурс
210 Выходные данные __
a Место издания Москва
c Издательство Издательство
d Дата издания 2009
215 Физическое описание __
a Объем 1 электрон. опт. диск (DVD-ROM)
d Формат 18х14 см
225 Серия __
a Серия Большая энциклопедия
230 Специфическая характеристика материала: электронные ресурсы __
a Обозначение и объем ресурса Электронные данные
300 Общие примечания __
a Общие примечания Заглавие с этикетки диска
323 Примечание о главных создателях, исполнителях, участниках __
a Примечание о главных создателях, исполнителях, участниках Коршунков, П. (читает)
323 Примечание о главных создателях, исполнителях, участниках __
a Примечание о главных создателях, исполнителях, участниках Некрасов, Д. (читает)
323 Примечание о главных создателях, исполнителях, участниках __
a Примечание о главных создателях, исполнителях, участниках Серебрянская, В. (читает)
323 Примечание о главных создателях, исполнителях, участниках __
a Примечание о главных создателях, исполнителях, участниках Скосырев, Л. (читает)
323 Примечание о главных создателях, исполнителях, участниках __
a Примечание о главных создателях, исполнителях, участниках Бобылев, И. (читает)
323 Примечание о главных создателях, исполнителях, участниках __
a Примечание о главных создателях, исполнителях, участниках Ланская, А. (читает)
323 Примечание о главных создателях, исполнителях, участниках __
a Примечание о главных создателях, исполнителях, участниках Аптовцев, А. (читает)
323 Примечание о главных создателях, исполнителях, участниках __
a Примечание о главных создателях, исполнителях, участниках Мичков, В. (читает)
327 Примечание о содержании __
a Примечание о содержании Жизнь и творчество А. П. Чехова
327 Примечание о содержании __
a Примечание о содержании Ранние рассказы и юморески, напечатанные под псевдонимом Антоша Чехонте
327 Примечание о содержании __
a Примечание о содержании Произведения 1880 - 1885 годов
327 Примечание о содержании __
a Примечание о содержании Произведения 1886 годов
327 Примечание о содержании __
a Примечание о содержании Произведения 1887 - 1891 годов
327 Примечание о содержании __
a Примечание о содержании Произведения 1892 - 1896 годов
327 Примечание о содержании __
a Примечание о содержании Произведения 1897 - 1903 годов
333 Примечание о целевом назначении __
a Примечание о целевом назначении 12+. Для детей старше 12 лет
337 Примечание о системных требованиях (электронные ресурсы) __
a Примечание о системных требованиях (электронные ресурсы) Системные требования: Windows 98/XP/2000/Vista ; Pentium II 400 MHz ; память 128 Mb ; Видео: SVGA ; DVD-ROM ; HDD: 2100 Mb
517 Другие варианты заглавия __
a Другие варианты заглавия Жизнь и творчество А. П. Чехова
517 Другие варианты заглавия __
a Другие варианты заглавия Ранние рассказы и юморески, напечатанные под псевдонимом Антоша Чехонте
517 Другие варианты заглавия __
a Другие варианты заглавия Произведения 1880 - 1885 годов
517 Другие варианты заглавия __
a Другие варианты заглавия Произведения 1886 годов
517 Другие варианты заглавия __
a Другие варианты заглавия Произведения 1887 - 1891 годов
517 Другие варианты заглавия __
a Другие варианты заглавия Произведения 1892 - 1896 годов
517 Другие варианты заглавия __
a Другие варианты заглавия Произведения 1897 - 1903 годов
600 Персоналии __
a Персоналии (Фамилия) Чехов, А. П.
c Дополнение к имени писатель русский
f Даты 1860-1904
g Полное имя Антон Павлович
606 Тематические рубрики __
a Основная рубрика Художественная литература
606 Тематические рубрики __
a Основная рубрика Русская литература XIX в. (произведения)
606 Тематические рубрики __
a Основная рубрика Русская литература XX в. (произведения)
606 Тематические рубрики __
a Основная рубрика Литературоведение
606 Тематические рубрики __
a Основная рубрика Русская литература XIX в.
606 Тематические рубрики __
a Основная рубрика Русская литература XX в.
610 Ключевые слова __
a Ключевые слова биографии
a Ключевые слова биографические данные
a Ключевые слова биографические материалы
a Ключевые слова биографические сведения
a Ключевые слова дневники
a Ключевые слова заметки
a Ключевые слова классическая литература
a Ключевые слова литературное творчество
a Ключевые слова переписка
a Ключевые слова персоналии
a Ключевые слова повести
a Ключевые слова рассказы
a Ключевые слова рецензии
a Ключевые слова русская классика
a Ключевые слова русская классическая литература
a Ключевые слова статьи
a Ключевые слова юморески
686 Индексы других классификаций __
2 Код системы rubbks
a Классификационный индекс 84(2=411.2)53-4я04
686 Индексы других классификаций __
2 Код системы rubbks
a Классификационный индекс 83.3(2=411.2)53-8я04
801 Источник записи _0
a Страна ru
b Организация Муниципальное бюджетное учреждение культуры "Централизованная библиотечная система" г. Сургут (Центральная городская библиотека им. А. С. Пушкина)
c Дата составления 20170314
g Правила каталогизации КиК/Апакова
801 Источник записи _1
a Страна ru
b Организация Муниципальное бюджетное учреждение культуры "Централизованная библиотечная система" г. Сургут (Центральная городская библиотека им. А. С. Пушкина)
c Дата составления 20170314
g Правила каталогизации КиК/Апакова
852 Данные о местонахождении __
j Шифр хранения 84(2=411.2)53-4я04
i Авторский знак Ч-56
901 Тип документа __
t Тип документа 0
903 Характеристики (МАРС) __
a Дата передачи 20170314
969 Тип издания __
a Тип издания электронная энциклопедия
990 Данные о заказе (DOS) __
j Количество экземпляров (DOS) 2
t N записи в КСУ для И/У (DOS) 201703